00218nam a2200109Ia 4500100001400000654001500014245002300029260002600052082001000078300000800088546001200096 aBillings  aKinematics aApplied Kinematics bEast west pressc2001 a621.8 a352 aENGLISH